<?xml version="1.0" encoding="UTF-8"?>
<marc:record xmlns:marc="http://www.loc.gov/MARC21/slim">
   <marc:leader>00000nam a2200000 a 4500</marc:leader>
   <marc:datafield ind1="1" ind2=" " tag="100">
      <marc:subfield code="a">Enchelmaier, Iris</marc:subfield>
      <marc:subfield code="4">aut</marc:subfield>
      <marc:subfield code="e">Verfasser/-in</marc:subfield>
   </marc:datafield>
   <marc:datafield ind1=" " ind2=" " tag="653">
      <marc:subfield code="a">Frau</marc:subfield>
   </marc:datafield>
   <marc:datafield ind1=" " ind2=" " tag="653">
      <marc:subfield code="a">Kinderlosigkeit</marc:subfield>
   </marc:datafield>
   <marc:datafield ind1=" " ind2=" " tag="653">
      <marc:subfield code="a">Softcover</marc:subfield>
   </marc:datafield>
   <marc:datafield ind1=" " ind2=" " tag="653">
      <marc:subfield code="a">Karte</marc:subfield>
   </marc:datafield>
   <marc:datafield ind1=" " ind2=" " tag="653">
      <marc:subfield code="a">Ratgeber</marc:subfield>
   </marc:datafield>
   <marc:datafield ind1="0" ind2="0" tag="245">
      <marc:subfield code="a">Abschied vom Kinderwunsch</marc:subfield>
   </marc:datafield>
   <marc:datafield ind1="0" ind2="0" tag="245">
      <marc:subfield code="b">ein Ratgeber für Frauen, die ungewollt kinderlos geblieben sind</marc:subfield>
   </marc:datafield>
   <marc:datafield ind1="0" ind2="0" tag="245">
      <marc:subfield code="c">Iris Enchelmaier</marc:subfield>
   </marc:datafield>
   <marc:datafield ind1=" " ind2="1" tag="264">
      <marc:subfield code="a">Stuttgart</marc:subfield>
      <marc:subfield code="b">Kreuz</marc:subfield>
      <marc:subfield code="c">2004</marc:subfield>
   </marc:datafield>
   <marc:datafield ind1="1" ind2=" " tag="520">
      <marc:subfield code="a">Wenn das Wunschkind trotz aller medizinisch vorhandenen Möglichkeiten und unternommenen Versuchen ausbleibt, bedeutet das für viele, sich endgültig von diesem Traum zu verabschieden und neue Zukunftspläne entwickeln zu müssen. Immer mehr Paare geraten in diese Situation, die oft die Partnerschaft auf eine harte Probe stellt. Viele Frauen beschreiben diese Phase im Nachhinein als ihre schlimmste Lebenskrise. Iris Enchelmaier zeigt anhand zahlreicher Erfahrungsberichte von Frauen und Männern, wie unterschiedlich diese den unerfüllten Kinderwunsch verarbeiten, aber auch, wie neue Perspektiven gefunden werden können. Ein einfühlsam geschriebenes Buch, das zeigt, dass es durchaus möglich ist, über diesen Verlust hinwegzukommen und ein zufriedenes, erfülltes Leben zu führen. Mit großem Adressteil zum Finden von Selbsthilfegruppen und Therapiezentren.</marc:subfield>
   </marc:datafield>
   <marc:datafield ind1=" " ind2=" " tag="020">
      <marc:subfield code="a">9783783123753</marc:subfield>
      <marc:subfield code="9">9783783123753</marc:subfield>
   </marc:datafield>
   <marc:datafield ind1=" " ind2=" " tag="020">
      <marc:subfield code="a">3783123755</marc:subfield>
      <marc:subfield code="9">3783123755</marc:subfield>
   </marc:datafield>
   <marc:datafield ind1=" " ind2=" " tag="041">
      <marc:subfield code="a">ger</marc:subfield>
   </marc:datafield>
   <marc:datafield ind1=" " ind2=" " tag="300">
      <marc:subfield code="a">159 S.</marc:subfield>
   </marc:datafield>
</marc:record>
